Etica en la Pedagogía / (Record no. 4628)

MARC details
000 -LEADER
campo de control de longitud fija 00819ntaaa2200229 4500
003 - IDENTIFICADOR DE NÚMERO DE CONTROL
campo de control 01
005 - FECHA Y HORA DE LA ÚLTIMA TRANSACCIÓN
campo de control 20251027201039.0
008 - DATOS DE LONGITUD FIJA--INFORMACIÓN GENERAL
campo de control de longitud fija 0714s1973 ag 01
040 ## - FUENTE DE CATALOGACIÓN
Centro catalogador/agencia de origen AR-BaBN
Lengua de catalogación spa
Centro/agencia transcriptor AR-BaBN
Normas de descripción aacr
Centro/agencia modificador RIC
082 ## - NÚMERO DE LA CLASIFICACIÓN DECIMAL DEWEY
Número de clasificación 170 W78
245 ## - MENCIÓN DEL TÍTULO
Título Etica en la Pedagogía /
Mención de responsabilidad, etc. traducido por Carlos Witthaus
250 ## - MENCION DE EDICION
Mención de edición 1 ed.
260 ## - PUBLICACIÓN, DISTRIBUCIÓN, ETC.
Lugar de publicación, distribución, etc. s.l. :
Nombre del editor, distribuidor, etc. Red Americana de Editoriales,
Fecha de publicación, distribución, etc. c/958
300 ## - DESCRIPCIÓN FÍSICA
Extensión 96 p.
500 ## - NOTA GENERAL
Nota general Cont.: Los valores moralmente significativos por B. Rosenmöller. La posición del niño frente a las obligaciones morales por M. Moers.
650 ## - PUNTO DE ACCESO ADICIONAL DE MATERIA--TÉRMINO DE MATERIA
Término de materia o nombre geográfico como elemento de entrada Valores Moralmente Significativos
9 (RLIN) 7778
650 ## - PUNTO DE ACCESO ADICIONAL DE MATERIA--TÉRMINO DE MATERIA
Término de materia o nombre geográfico como elemento de entrada Posición del Niño Frente a las Obligaciones Morales
9 (RLIN) 7779
650 ## - PUNTO DE ACCESO ADICIONAL DE MATERIA--TÉRMINO DE MATERIA
Término de materia o nombre geográfico como elemento de entrada Rosenmöller, Bernardo
9 (RLIN) 7780
650 ## - PUNTO DE ACCESO ADICIONAL DE MATERIA--TÉRMINO DE MATERIA
Término de materia o nombre geográfico como elemento de entrada Moers, Martha
9 (RLIN) 7781
700 ## - ENTRADA AGREGADA--NOMBRE PERSONAL
Nombre de persona Witthaus, Carlos
Término indicativo de función/relación traductor
9 (RLIN) 7782
942 ## - ELEMENTOS DE ENTRADA SECUNDARIOS (KOHA)
Tipo de ítem Koha Colección General
Holdings
Estatus retirado Estado de pérdida Estado de daño No para préstamo Biblioteca de origen Biblioteca actual Fecha de adquisición Número de inventario Total de préstamos Signatura topográfica completa Código de barras Visto por última vez Precio de reemplazo Tipo de ítem Koha
        Biblioteca Pluis Biblioteca Pluis 27/10/2025 023344   170 W78 023344 27/10/2025 27/10/2025 Colección General
        Biblioteca Pluis Biblioteca Pluis 27/10/2025 013723   170 W78 013723 27/10/2025 27/10/2025 Colección General